000 00955nam a2200289Ia 4500
001 Z_2282
003 CHAP
008 220113s2000 xx 000 0 und d
010 _a165338
040 _cCHAP
090 _aTesis G 1429
100 _aGómez Sánchez, Francisco
_949900
245 _aCrecimiento estacional y valor nutritivo de ocho variedades de alfalfa /
_cpor Francisco Gómez Sánchez, Hermes Alberto Joaquín Santos y Pedro Molina Mendoza
260 _aChapingo, Méx. :
_bEl autor,
_c2000
300 _a64 h.
502 _aTesis (Ing. Agr. Esp. en Zootecnia) -- UACH. Departamento de Zootecnia
650 _aAlfalfa como forraje
_93899
650 _aAlfalfa
_xFisiología y morfología
_93865
650 _aAlfalfa
_xVariedades
_93893
700 _aJoaquín Santos, Hermes Alberto II. Molina Mendoza, Pedro
_9139263
901 _aTESIS G 1429
902 _aM
910 _a2000
942 _c2
942 _c2
999 _c165338
_d165338